Chatbots – die Sprachlehrer der Zukunft?

Chatboty môžu byť použité pre rôzne aspekty výučby jazykov. Publikácie, ktoré sa zaoberali úlohou chatbotov v jazykovom vzdelávaní v minulosti (2006, 2008), predpovedali veľké možnosti, ale tiež kritizovali technické obmedzenia v tom čase. Článok sa pokúša preskúmať aktuálnu situáciu a ukazuje niekt...

ver descrição completa

Na minha lista:
Detalhes bibliográficos
Autor principal: Hahn, Richard
Formato: Capítulo de Livro
Idioma:alemão
Assuntos:
Tags: Adicionar Tag
Sem tags, seja o primeiro a adicionar uma tag!

MARC

LEADER 00000naa$a2200000$$$4500
001 0248370
005 20240502083705.1
041 0 |a ger 
044 |a DE 
245 1 0 |a Chatbots – die Sprachlehrer der Zukunft?  |c Richard Hahn 
520 |a Chatboty môžu byť použité pre rôzne aspekty výučby jazykov. Publikácie, ktoré sa zaoberali úlohou chatbotov v jazykovom vzdelávaní v minulosti (2006, 2008), predpovedali veľké možnosti, ale tiež kritizovali technické obmedzenia v tom čase. Článok sa pokúša preskúmať aktuálnu situáciu a ukazuje niektoré príklady diskusií v jazykovom vzdelávaní. 
610 2 0 |a jazyky cudzie 
610 2 0 |a vyučovanie 
610 2 0 |a didaktika 
610 2 0 |a technológie nové 
610 2 0 |a technológie komunikačné 
610 2 0 |a technológie informačné 
100 1 |a Hahn, Richard